MARC

LEADER 00000nas a2200000 a 4500
001 ssj0001834
003 WaSeSS
005 20200512172242.0
006 m d
007 cr n
008 980417d19812009dcumr pss f0 a0eng c
010 |a  2001230959 
022 |a 1933-8635  |l 0279-9308  |y 0279-9308 
035 |a (WaSeSS)ssj0001834 
040 |a FGA  |b eng  |c FGA  |d OCL  |d GPO  |d OCLCQ  |d MYG  |d DLC  |d GPO  |d NSD  |d GPO  |d OCLCQ  |d GBT  |d OCLCQ  |d OCLCA  |d OCLCQ  |d OCLCA  |d DKDLA  |d OCLCQ  |d COO  |d OCLCF  |d OCLCQ  |d GILDS  |d OCLCO  |d OCLCA  |d WaSeSS 
042 |a pcc  |a nsdp 
043 |a n-us--- 
050 0 0 |a UG633 
074 |a 0423-A (online) 
082 1 0 |a 358.4  |2 14 
086 0 |a D 301.44: 
130 0 |a Flying safety (Washington, D.C. : 1981 : Online) 
222 0 |a Flying safety  |b (Washington, D.C. : 1981 : Online) 
245 1 0 |a Flying safety  |h [electronic resource]. 
246 1 |i HTML source title:  |a Flying safety magazine 
260 |a Kirtland AFB, NM :  |b Air Force Safety Center 
310 |a Monthly 
362 1 |a Print began with vol. 37, no. 1 (Jan. 1981). 
362 1 |a Ceased with vol. 65, nos. 1-2 (Jan/Feb. 2009). 
490 1 |a <Dec. 1998-2008>: Air Force recurring publication ;  |v 91-1 
506 |a License restrictions may limit access. 
515 |a Issued in PDF files, <Vol. 54, no. 12 (Dec. 1998)>-v.65, nos. 1-2 (Jan./Feb. 2009). 
515 |a Jan./Feb. issue combined. 
515 |a Vol. 62, no. 5 (May 2006) called: Tanker tales. 
538 |a Mode of access: Internet from the Air Force Safety Center web site. Address as of 07/14/04: http://afsafety.af.mil/magazine/htdocs/fsmfirst.htm; current access is available via PURL. 
550 |a Issued by: Dept. of the Air Force, Chief of Safety. 
588 |a Description based on: Dec./Jan. (1996/1997); title from available issues screen (viewed May 15, 2001). 
588 |a Latest issue consulted: Vol. 65, nos. 1-2 (Jan./Feb. 2009). 
610 1 0 |a United States.  |b Air Force  |x Aviation  |x Safety measures  |v Periodicals. 
610 1 7 |a United States.  |b Air Force.  |2 fast  |0 (OCoLC)fst00538280 
650 0 |a Aeronautics, Military  |x Safety measures  |v Periodicals. 
650 7 |a Aeronautics, Military  |x Safety measures.  |2 fast  |0 (OCoLC)fst00798567 
650 7 |a Armed Forces  |x Aviation  |x Safety measures.  |2 fast  |0 (OCoLC)fst01981990 
655 0 |a Electronic journals. 
710 2 |a Air Force Safety Center (U.S.) 
710 1 |a United States.  |b Department of the Air Force.  |b Chief of Safety. 
776 0 |t Flying safety (Washington, D.C. : 1981)  |x 0279-9308  |w (DLC) 82641578  |w (OCoLC)7149726 
785 0 4 |t Wingman (Online)  |x 1944-4168  |w (DLC) 2008230332  |w (OCoLC)259776794 
830 0 |a Air Force recurring publication. 
856 4 0 |z Full text available from Research Library: 12/01/1996 to 01/31/2009  |u https://search.proquest.com/publication/34984